Focus sur: Indis - Tolkien - Statistiques

Statistiques générales
  • Ce quiz a été pris 6 fois
  • Le résultat moyen est 5 sur 12
Statistiques - réponses
Informations recherchées Réponses % Correct
Espèce Elfe
100%
Couleur des cheveux Blond
80%
Première apparition Le Silmarillion
60%
Groupe de l'espèce Vanyar
60%
Finarfin
40%
Fils Fingolfin
40%
Cité Tirion
40%
Contrée Valinor
40%
Epoux Finwë
20%
Maison (lignée) Ingwë
20%
Findis
0%
Filles Lalwendë
0%
Aucun quiz correspondant
Distribution des résultats
% des personnes avec chaque résultat
Percentile par nombre de réponses
Votre historique - résultats
Vous n’avez pas pris ce quiz